W którym europejskim państwie zobaczysz ten znak STOP? - Statystyki

Ogólne statystyki
  • Ten quiz został rozwiązany 11 razy
  • Średni wynik to 7 z 36
Statystyki odpowiedzi
Obrazkowy Odpowiedź % Poprawnych
Polska
75%
Turcja
75%
Austria
38%
Czechy
38%
Niemcy
38%
Słowacja
38%
Francja
25%
Węgry
25%
Wielka Brytania
25%
Włochy
25%
Belgia
13%
Białoruś
13%
Bośnia i Hercegowina
13%
Bułgaria
13%
Dania
13%
Estonia
13%
Finlandia
13%
Grecja
13%
Hiszpania
13%
Holandia
13%
Irlandia
13%
Islandia
13%
Kosowo
13%
Łotwa
13%
Luksemburg
13%
Malta
13%
Mołdawia
13%
Norwegia
13%
Portugalia
13%
Rosja
13%
Rumunia
13%
Serbia
13%
Słowenia
13%
Szwajcaria
13%
Szwecja
13%
Ukraina
13%
Nie znaleziono quizów pasujących do podanych kryteriów
Rozkład punktacji
Procent ludzi z każdym wynikiem
Percentyl według liczby udzielonych odpowiedzi
Twoja historia wyników
Nie rozwiązałeś tego quizu